000 00335nam a22001217a 4500
003 OSt
008 250215b |||||||| |||| 00| 0 eng d
041 _aeng
245 _aRegional LIst of Power Projects from Renewable 1997 Map No.21
250 _a1st
260 _aNew Delhi:
_bCentral Board of Irrigation and Power,
_c1997.
942 _cBK
999 _c19389
_d19389